000 00255nam a2200097Ia 4500
001 644237
005 20250826153601.0
008 250824s9999 xx 000 0 und d
245 0 _aŞERMİN GENÇLİK KLASİKLERİ
_cTEVFİK FİKRET
260 _bTİMAŞ ÇOCUK
999 _c644237
_d644237